Normal view
MARC view
Entry Personal Name
001 - CONTROL NUMBER
- control field: 5830
003 - CONTROL NUMBER IDENTIFIER
- control field: ARRUPE
005 - DATE AND TIME OF LATEST TRANSACTION
- control field: 20131217140410.0
008 - FIXED-LENGTH DATA ELEMENTS
- fixed length control field: 131217|| aca||aabn | a|a d
040 ## - CATALOGING SOURCE
- Original cataloging agency: ARRUPE
- Transcribing agency: ARRUPE
100 ## - HEADING--PERSONAL NAME
- Personal name: Pretorius, Fransjohan
670 ## - SOURCE DATA FOUND
- Source citation: Work cat.: (ARRUPE): Pretorius, Fransjohan, The Anglo-Boer war 1899-1902, 1985